000 00516nam a2200169Ia 4500
003 IN-BaIIA
008 211028s9999 xx 000 0 eng d
020 _a81-7209-030-1
040 _cIIA Library
080 _a336.76
_bMYE
245 0 _aInvestment encyclopedia, vol 1 - investor insight.
_cedited by W. H. Myer
260 _aBangalore
_bIndmark
_c1993
300 _a[various pagings.]
650 _aInvestment
_920861
700 _aMyer,W.H., ed.
_919722
942 _cBK
999 _c11995
_d11995